<?xml version="1.0" encoding="UTF-8"?>
<collection xmlns="http://www.loc.gov/MARC21/slim">
 <record>
  <leader>01666cam a2200385  a4500</leader>
  <controlfield tag="001">1093438320</controlfield>
  <controlfield tag="003">DE-627</controlfield>
  <controlfield tag="005">20190903123804.0</controlfield>
  <controlfield tag="007">tu</controlfield>
  <controlfield tag="008">910304n19uuuuuuxx |||||      00| ||fre c</controlfield>
  <datafield tag="035" ind1=" " ind2=" ">
   <subfield code="a">(DE-627)1093438320</subfield>
  </datafield>
  <datafield tag="035" ind1=" " ind2=" ">
   <subfield code="a">(DE-576)023438320</subfield>
  </datafield>
  <datafield tag="035" ind1=" " ind2=" ">
   <subfield code="a">(DE-599)BSZ023438320</subfield>
  </datafield>
  <datafield tag="035" ind1=" " ind2=" ">
   <subfield code="a">(DE-604)8009474420</subfield>
  </datafield>
  <datafield tag="040" ind1=" " ind2=" ">
   <subfield code="a">DE-627</subfield>
   <subfield code="b">ger</subfield>
   <subfield code="c">DE-627</subfield>
   <subfield code="e">rakwb</subfield>
  </datafield>
  <datafield tag="041" ind1=" " ind2=" ">
   <subfield code="a">fre</subfield>
  </datafield>
  <datafield tag="084" ind1=" " ind2=" ">
   <subfield code="a">9,10</subfield>
   <subfield code="2">ssgn</subfield>
  </datafield>
  <datafield tag="084" ind1=" " ind2=" ">
   <subfield code="a">LH 71000</subfield>
   <subfield code="2">rvk</subfield>
   <subfield code="0">(DE-625)rvk/94838:</subfield>
  </datafield>
  <datafield tag="100" ind1="1" ind2=" ">
   <subfield code="a">Laran, Jean</subfield>
   <subfield code="d">1876-1948</subfield>
   <subfield code="0">(DE-588)105520475X</subfield>
   <subfield code="0">(DE-627)793299586</subfield>
   <subfield code="0">(DE-576)161912427</subfield>
   <subfield code="4">aut</subfield>
  </datafield>
  <datafield tag="245" ind1="1" ind2="3">
   <subfield code="a">L' estampe</subfield>
   <subfield code="c">par Jean Laran. Avec la collab. de Jean Adhémar ...</subfield>
  </datafield>
  <datafield tag="264" ind1=" " ind2="1">
   <subfield code="a">Paris</subfield>
   <subfield code="b">Pr. Univ. de France</subfield>
   <subfield code="c">19XX-</subfield>
  </datafield>
  <datafield tag="336" ind1=" " ind2=" ">
   <subfield code="a">Text</subfield>
   <subfield code="b">txt</subfield>
   <subfield code="2">rdacontent</subfield>
  </datafield>
  <datafield tag="337" ind1=" " ind2=" ">
   <subfield code="a">ohne Hilfsmittel zu benutzen</subfield>
   <subfield code="b">n</subfield>
   <subfield code="2">rdamedia</subfield>
  </datafield>
  <datafield tag="338" ind1=" " ind2=" ">
   <subfield code="a">Band</subfield>
   <subfield code="b">nc</subfield>
   <subfield code="2">rdacarrier</subfield>
  </datafield>
  <datafield tag="689" ind1="0" ind2="0">
   <subfield code="d">s</subfield>
   <subfield code="0">(DE-588)4113357-2</subfield>
   <subfield code="0">(DE-627)104279680</subfield>
   <subfield code="0">(DE-576)20947582X</subfield>
   <subfield code="a">Druckgrafik</subfield>
   <subfield code="2">gnd</subfield>
  </datafield>
  <datafield tag="689" ind1="0" ind2="1">
   <subfield code="a">z</subfield>
   <subfield code="2">gnd</subfield>
   <subfield code="a">Geschichte</subfield>
  </datafield>
  <datafield tag="689" ind1="0" ind2=" ">
   <subfield code="5">(DE-627)</subfield>
  </datafield>
  <datafield tag="700" ind1="1" ind2=" ">
   <subfield code="a">Adhémar, Jean</subfield>
   <subfield code="d">1908-1987</subfield>
   <subfield code="e">Mitarb.</subfield>
   <subfield code="0">(DE-588)103426950X</subfield>
   <subfield code="0">(DE-627)745166687</subfield>
   <subfield code="0">(DE-576)381898865</subfield>
   <subfield code="4">oth</subfield>
  </datafield>
  <datafield tag="787" ind1="0" ind2="8">
   <subfield code="i">Rezensiert in</subfield>
   <subfield code="a">Keil, Nora</subfield>
   <subfield code="t">[Rezension von: Jean Laran, L'estampe]</subfield>
   <subfield code="d">1960</subfield>
   <subfield code="w">(DE-627)1675755914</subfield>
  </datafield>
  <datafield tag="936" ind1="r" ind2="v">
   <subfield code="a">LH 71000</subfield>
   <subfield code="b">Allgemeine Darstellungen (Geschichte, Abbildungswerke)</subfield>
   <subfield code="k">Kunstgeschichte</subfield>
   <subfield code="k">Allgemeines. Allgemeine Kunstgeschichte</subfield>
   <subfield code="k">Kunstgeschichte einzelner Gattungen der Kunst</subfield>
   <subfield code="k">Zeichnung und Grafik</subfield>
   <subfield code="k">Allgemeine Darstellungen (Geschichte, Abbildungswerke)</subfield>
   <subfield code="0">(DE-627)1270642170</subfield>
   <subfield code="0">(DE-625)rvk/94838:</subfield>
   <subfield code="0">(DE-576)200642170</subfield>
  </datafield>
  <datafield tag="951" ind1=" " ind2=" ">
   <subfield code="a">MC</subfield>
  </datafield>
  <datafield tag="990" ind1=" " ind2=" ">
   <subfield code="a">Druckgrafik</subfield>
  </datafield>
  <datafield tag="990" ind1=" " ind2=" ">
   <subfield code="a">Geschichte</subfield>
  </datafield>
  <datafield tag="991" ind1=" " ind2=" ">
   <subfield code="a">Rezensiertes Werk</subfield>
  </datafield>
  <datafield tag="999" ind1=" " ind2=" ">
   <subfield code="a">KXP-PPN1093438320</subfield>
   <subfield code="e">4077390559</subfield>
  </datafield>
 </record>
</collection>
